Harvard business review McKinsey Award winners (Record no. 2828)

000 -LEADER
fixed length control field 01014nam a2200313 a 4500
003 - CONTROL NUMBER IDENTIFIER
control field AKMAL
005 - DATE AND TIME OF LATEST TRANSACTION
control field 20170518112150.0
008 - FIXED-LENGTH DATA ELEMENTS--GENERAL INFORMATION
fixed length control field 170518s2009 mau e 001 0 eng d
020 ## - INTERNATIONAL STANDARD BOOK NUMBER
International Standard Book Number 9781422166970 (pbk.) :
Terms of availability RM66.36
040 ## - CATALOGING SOURCE
Original cataloging agency AKMAL
082 04 - DEWEY DECIMAL CLASSIFICATION NUMBER
Classification number 658 HAR
Edition number 22
090 00 - LOCALLY ASSIGNED LC-TYPE CALL NUMBER (OCLC); LOCAL CALL NUMBER (RLIN)
Classification number (OCLC) (R) ; Classification number, CALL (RLIN) (NR) 658
Local cutter number (OCLC) ; Book number/undivided call number, CALL (RLIN) HAR
245 00 - TITLE STATEMENT
Title Harvard business review McKinsey Award winners
246 13 - VARYING FORM OF TITLE
Title proper/short title McKinsey Award winners
260 ## - PUBLICATION, DISTRIBUTION, ETC.
Place of publication, distribution, etc. Boston, Mass. :
Name of publisher, distributor, etc. Harvard Business School Pub.,
Date of publication, distribution, etc. 2009
300 ## - PHYSICAL DESCRIPTION
Extent vii, 238p. ;
Dimensions 21cm.
490 1# - SERIES STATEMENT
Series statement The Harvard business review paperback
500 ## - GENERAL NOTE
General note Includes index
650 10 - SUBJECT ADDED ENTRY--TOPICAL TERM
Topical term or geographic name entry element Management
9 (RLIN) 1462
650 20 - SUBJECT ADDED ENTRY--TOPICAL TERM
Topical term or geographic name entry element Industrial management
9 (RLIN) 2203
830 #4 - SERIES ADDED ENTRY--UNIFORM TITLE
Uniform title The Harvard business review paperback
9 (RLIN) 5973
942 ## - ADDED ENTRY ELEMENTS (KOHA)
Source of classification or shelving scheme
Koha item type Book
Holdings
Withdrawn status Lost status Source of classification or shelving scheme Damaged status Not for loan Collection code Home library Current library Shelving location Date acquired Inventory number Total Checkouts Full call number Barcode Date last seen Price effective from Koha item type
          NON-FICTION AKMAL Melaka AKMAL Melaka PINJAMAN 18.05.2017 602730   658 HAR 201703637 18.05.2017 18.05.2017 Book
          NON-FICTION AKMAL Melaka AKMAL Melaka PINJAMAN 18.05.2017 602729   658 HAR 201703638 18.05.2017 18.05.2017 Book
Pusat Sumber Maklumat Dato' Haji Sarmin Md Hussin, Akademi Kastam Diraja Malaysia, Melaka
Tel: 06-2331106 | Faks: 06-2313787